| 000 | 01249nam a2200325Ia 4500 | ||
|---|---|---|---|
| 001 | ebr10301448 | ||
| 003 | CaPaEBR | ||
| 006 | m u | ||
| 007 | cr cn||||||||| | ||
| 008 | 080709s2009 enka sb 001 0 eng d | ||
| 010 | _z 2008030332 | ||
| 020 | _z9781405146500 | ||
| 020 | _z1405146508 | ||
| 040 |
_aCaPaEBR _cCaPaEBR |
||
| 035 | _a(OCoLC)317779281 | ||
| 050 | 1 | 4 |
_aR853.C55 _bS36 2009eb |
| 082 | 0 | 4 |
_a615.5072/4 _222 |
| 245 | 0 | 0 |
_aSample size tables for clinical studies _h[electronic resource] / _cDavid Machin ... [et al.]. |
| 250 | _a3rd ed. | ||
| 260 |
_aChichester, UK ; _aHoboken, NJ : _bWiley-Blackwell, _c2009. |
||
| 300 |
_aviii, 256 p. : _bill. |
||
| 504 | _aIncludes bibliographical references (p. 239-248) and indexes. | ||
| 533 |
_aElectronic reproduction. _bPalo Alto, Calif. : _cebrary, _d2009. _nAvailable via World Wide Web. _nAccess may be limited to ebrary affiliated libraries. |
||
| 650 | 0 |
_aClinical trials _xStatistical methods _vTables. |
|
| 650 | 0 | _aMedicine. | |
| 655 | 7 |
_aElectronic books. _2local |
|
| 700 | 1 |
_aMachin, David, _d1939- |
|
| 710 | 2 | _aebrary, Inc. | |
| 856 | 4 | 0 |
_uhttp://site.ebrary.com/lib/rucke/Doc?id=10301448 _zAn electronic book accessible through the World Wide Web; click to view |
| 999 |
_c67513 _d67513 |
||